Which East/Southeast Asian Country… - Statistics

General Stats
  • This quiz has been taken 9 times
  • The average score is 16 of 26
Answer Stats
Hint Answer % Correct
…can the Terracotta Army be found in? China (PRC)
88%
…has as many horses as it has people? Mongolia
88%
…can you only choose from 28 government-approved hairstyles? North Korea
88%
…did not initially want independence, but was expelled from Malaysia in 1965? Singapore
88%
…has English as an official language? Singapore
88%
…was formerly a member of the UN, but is no longer a member state? Taiwan
88%
…is Angkor Wat found in? Cambodia
75%
…was once known as Kampuchea? Cambodia
75%
…has had the tradition of eating KFC at Christmas since the 1980s? Japan
75%
…is known as Nippon in its native language? Japan
75%
…has the sale of chewing gum been outlawed since 1992? Singapore
75%
…uses the baht as its currency? Thailand
75%
…was unified in 1975 following the Fall of Saigon? Vietnam
75%
…only uses one time zone despite spanning 5 geographical time zones? China (PRC)
63%
…has a native population of orangutans? Malaysia
63%
…has a nomadic population of about 30%? Mongolia
63%
…was once known as Formosa? Taiwan
63%
…saw its former prime minister assassinated in 2022? Japan
50%
…has the most vending machines per capita? Japan
50%
…is basketball star Dennis Rodman an ambassador of? North Korea
50%
…are tech companies Samsung and LG based in? South Korea
50%
…is known as Hanguk in its native language? South Korea
38%
…is the world’s second-largest producer of coffee? Vietnam
38%
…hosts an annual festival celebrating monkeys, in which 600 monkeys are served various foods at a buffet? Thailand
13%
…is nicknamed “Land of the Million Elephants”, despite only having about 800 today? Laos
0%
…is known as Joseon in its native language? North Korea
0%
No matching quizzes found
Score Distribution
Percent of People with Each Score
Percentile by Number Answered
Your Score History
You have not taken this quiz